|
|
|
|
| LEADER |
00949nab#a2200325#ar4500 |
| 001 |
000040949 |
| 003 |
SVKKK |
| 005 |
00000000000000.0 |
| 008 |
c xo e sloo |
| FMT |
|
|
|
| 038 |
|
|
|a SVKKK
|
| 040 |
|
|
|a SVKKK
|b slo
|e AACR2
|
| 041 |
1 |
|
|a slo
|h HUN
|
| 044 |
|
|
|a xo
|c SK
|
| 080 |
|
|
|a 792.2/437.647=945.11
|2 1981
|
| 080 |
|
|
|a 82-2:82.0
|2 1981
|
| 100 |
1 |
|
|a Csepécz M., Szilvia
|4 aut
|
| 242 |
1 |
0 |
|a Neposlušné kukučky alebo kukučkina pasca v košickom divadle Thália
|
| 245 |
1 |
0 |
|a Rakoncátlan kakukkok avagy a fészek csapdája a Kassai Thália Színpadán
|c Csepécz M. Szilvia,
|
| 300 |
|
|
|b Fotogr. 5
|
| 650 |
0 |
4 |
|a divadlo maďarské
|z Thália, Košice
|
| 650 |
0 |
4 |
|a predstavenie divadelné
|x priebeh
|x herci úspešní
|x reportáže
|
| 773 |
0 |
|
|t Új N‹
|g , č. 1(1998), s. 24-25
|
| 957 |
|
|
|a Košice
|
| 958 |
|
|
|a KE
|
| 974 |
|
|
|d 980217
|a Fa
|
| 992 |
|
|
|a RBX
|
| BAS |
|
|
|
| 852 |
|
|
|a SVKKK
|b BIB
|
| 998 |
|
|
|a REG
|